000 00597nam a2200193Ia 4500
008 090124s9999 xx 000 0 und d
082 _b132141
100 _aपेरेइरा ए. पी.
245 _a तीस दिवसात यश
250 _a1
260 _c2004
300 _a142
600 _aपेरेइरा ए. पी.
630 _a तीस दिवसात यश
700 _aदेशपांडे विश्र्वनाथ
700 _aपेरेइरा ए. पी.
730 _a तीस दिवसात यश
942 _cBOOK
999 _c178230
_d178230